| 000 | 01665cam a22004455a 4500 | ||
|---|---|---|---|
| 001 | 14977529 | ||
| 005 | 20170928120037.0 | ||
| 008 | 070823s2007 enkab frb 001 0 eng d | ||
| 010 | _a 2007279673 | ||
| 015 |
_aGBA6A2292 _2bnb |
||
| 016 | 7 |
_a013618718 _2Uk |
|
| 020 | _a9780521870139 (hbk.) | ||
| 020 | _a0521870135 (hbk.) | ||
| 020 | _a9780521690324 (pbk.) | ||
| 020 | _a0521690323 (pbk.) | ||
| 035 | _a(OCoLC)ocm76935908 | ||
| 035 | _a(OCoLC)76935908 | ||
| 040 |
_aEG-ScBUE _cEG-ScBUE _beng |
||
| 042 | _alccopycat | ||
| 050 | 0 | 0 |
_aHM1121 _b.R66 2007 |
| 082 | 0 | 4 |
_a305.8 _222 _bROS |
| 100 | 1 | _aRoss, Marc Howard. | |
| 245 | 1 | 0 |
_aCultural contestation in ethnic conflict / _cMarc Howard Ross. |
| 260 |
_aCambridge, United Kingdom : _bCambridge University Press, _cc.2007. |
||
| 300 |
_axix, 360 p. : _bill., maps, photos ; _c24 cm. |
||
| 500 | _aIndex : p. 350-360 | ||
| 504 | _aBibliography : p. 329-349 | ||
| 590 | _ayassmeen ashraf | ||
| 650 | 0 |
_aEthnic conflict. _2BUEsh _929344 |
|
| 650 | 0 |
_aCulture conflict. _2BUEsh |
|
| 650 | 0 |
_aEthnopsychology. _2BUEsh _99566 |
|
| 651 | _2BUEsh | ||
| 653 |
_bBUSBOL _cAugust2015 |
||
| 856 | 4 | 2 |
_3Contributor biographical information _uhttp://www.loc.gov/catdir/enhancements/fy0729/2007279673-b.html |
| 856 | 4 | 2 |
_3Publisher description _uhttp://www.loc.gov/catdir/enhancements/fy0729/2007279673-d.html |
| 856 | 4 | 1 |
_3Table of contents only _uhttp://www.loc.gov/catdir/enhancements/fy0729/2007279673-t.html |
| 906 |
_a7 _bcbc _ccopycat _d2 _encip _f20 _gy-gencatlg |
||
| 942 | _2ddc | ||
| 999 |
_c10101 _d10101 |
||